000 00810nam a2200241 a 4500
001 BRL_76
005 20190320210558.0
008 821203m1981----mx-a#####b---#000-0#spa-#
040 _aDLC
_cDLC
_dDLC
041 _aspa
044 _amx
050 4 _aHD8116
_b.C36 1981
100 1 _aCarrillo Azpéitia, Rafael
_94977
245 1 0 _aEnsayo sobre la historia del movimiento obrero mexicano, 1823-1912
_cRafael Carrillo Azpéitia.
260 _aMéxico
_bCentro de Estudios Históricos del Movimiento Obrero Mexicano
_c1981
300 _a225 p.
_bil.
_c20 cm.
500 _aIncluye dedicatoria para Ruth Lechuga, mayo 26/81
500 _aAu117
650 1 4 _aMovimiento obrero
_xHistoria
_zMéxico
_922841
650 1 4 _aLos sindicatos de trabajadores
_xHistoria
_zMéxico
_922842
902 _aGRL
942 _2lcc
_cB
999 _c8889
_d8889